00484nam a2200121Ia 4500008004100000050002300041100002800064245010800092260004500200300004000245500005600285650002100341150609s9999 xx 000 0 und d aBF 698b.D683 2015 aDonida, Luis Gabriel P. aSelf-perception and life values profile of anime viewers in Las Piñas City /cLuis Gabriel P. Donida. aLas Piñas, Philippines :bSISC,c2015. a64 pages :billustrations ;c28 cm. aIncludes bibliographical references and appendices. aSelf-perception.